| 000 | 00733nam a2200229 a 4500 | ||
|---|---|---|---|
| 001 | 000008364 | ||
| 005 | 20200929161331.0 | ||
| 008 | 090916s1992 dr 001 0 spa d | ||
| 040 |
_aDO-SdBNP _bspa _cBNPHU |
||
| 082 |
_a658.152 _bR741t |
||
| 100 | 1 |
_aRojas, Ney _922575 |
|
| 245 | 1 | 0 |
_aTécnicas modernas de cobros / _cNey Rojas. |
| 260 |
_aSanto Domingo : _bTaller, _c1992. |
||
| 300 |
_a243 p. ; _c23 cm. |
||
| 504 | _aIncluye bibliografía y notas al pie de páginas. | ||
| 504 | _aBibliografía: p. 241-243. | ||
| 590 | _aInventariado, 2018/ YL | ||
| 650 | 4 |
_aCuentas por cobrar _922576 |
|
| 650 | 4 |
_aCobro de cuentas _922577 |
|
| 650 | 4 |
_aAdministración de créditos _918230 |
|
| 910 | _aValidado. Control de la calidad EMS | ||
| 999 |
_c8135 _d8135 |
||